Soccer... or football? - Statistics

General Stats
  • This quiz has been taken 82 times
  • The average score is 10 of 20
Answer Stats
Question Answer % Correct
France Football
100%
UK Football
100%
Nigeria Football
100%
Norway Football
100%
Brazil Football
80%
Mexico Football
80%
India Football
80%
USA Soccer
80%
China Football
60%
Benin Football
60%
Japan Soccer
40%
Ireland Soccer
40%
South Korea Other
20%
Myanmar Other
20%
Papua New Guinea Soccer
20%
Indonesia Other
0%
Italy Other
0%
Australia Soccer
0%
South Africa Soccer
0%
New Zealand Soccer
0%
No matching quizzes found
Score Distribution
Percent of People with Each Score
Percentile by Number Answered
Your Score History
You have not taken this quiz